[Event "GBR-ch111 Over 65"]
[Site "Liverpool"]
[Date "2025.08.06"]
[Round "3.39"]
[White "O'Mahoney, Mike J"]
[Black "Collins, Nigel"]
[Result "1/2-1/2"]
[WhiteElo "1780"]
[BlackElo "1589"]
[PlyCount "71"]
[EventDate "2025.08.04"]
[EventType "swiss"]
[EventRounds "7"]
[EventCountry "GBR"]
[SourceTitle "BritBase"]
[Source "John Saunders"]
[SourceDate "2025.08.11"]
[SourceVersion "1"]
[SourceVersionDate "2025.08.11"]
[SourceQuality "1"]

1. d4 Nf6 2. e3 g6 3. Bd3 Bg7 4. f4 c5 5. Nf3 d5 6. c3 c4 7. Bc2 O-O 8. Nbd2 b5 9. Ne5 Nfd7 10. O-O Nxe5 11. fxe5 f6 12. exf6 exf6 13. e4 Bb7 14. Qg4 dxe4 15. Qe6+ Kh8 16. Bxe4 Bxe4 17. Qxe4 Nd7 18. Nf3 Nb6 19. Bf4 Qd5 20. Qc2 Rae8 21. Rae1 Re6 22. Rxe6 Qxe6 23. Re1 Qc6 24. Qe2 Nd5 25. Bd2 Rf7 26. Qf2 Re7 27. Qg3 Rxe1+ 28. Nxe1 Qc7 29. Qg4 f5 30. Qe2 Qe7 31. Qf3 Qe4 32. Qxe4 fxe4 33. Kf2 Kg8 34. Nc2 Kf7 35. Ne3 Ke6 36. Nxd5 1/2-1/2

[Event "GBR-ch111 Over 65"]
[Site "Liverpool"]
[Date "2025.08.06"]
[Round "3.40"]
[White "Walkowiak, Adam"]
[Black "Tidmarsh, David A"]
[Result "1-0"]
[WhiteElo "1657"]
[BlackElo "1776"]
[PlyCount "71"]
[EventDate "2025.08.04"]
[EventType "swiss"]
[EventRounds "7"]
[EventCountry "GBR"]
[SourceTitle "BritBase"]
[Source "John Saunders"]
[SourceDate "2025.08.11"]
[SourceVersion "1"]
[SourceVersionDate "2025.08.11"]
[SourceQuality "1"]

1. d4 d5 2. c4 e6 3. Nc3 Nf6 4. cxd5 exd5 5. Bg5 Be7 6. e3 c6 7. Bd3 O-O 8. Qc2 Nbd7 9. Nge2 Re8 10. O-O Nf8 11. Rad1 Nh5 12. Bxe7 Rxe7 13. Ng3 Nxg3 14. hxg3 h6 15. b4 b5 16. e4 a6 17. a4 Ne6 18. Be2 Nc7 19. e5 Bd7 20. a5 Ne6 21. f4 g6 22. g4 Ng7 23. f5 gxf5 24. gxf5 Nxf5 25. Rxf5 Bxf5 26. Qxf5 Qd7 27. Qf4 Kg7 28. Bg4 Qe8 29. Qf6+ Kg8 30. Qxh6 f6 31. Qxf6 Raa7 32. Rf1 Rac7 33. Ne2 c5 34. bxc5 Rc6 35. Qf3 Qd8 36. Nc3 1-0

[Event "GBR-ch111 Over 65"]
[Site "Liverpool"]
[Date "2025.08.07"]
[Round "4.1"]
[White "Povah, Nigel E"]
[Black "Lewis, Andrew P"]
[Result "1/2-1/2"]
[WhiteElo "2206"]
[BlackElo "2242"]
[PlyCount "63"]
[EventDate "2025.08.04"]
[EventType "swiss"]
[EventRounds "7"]
[EventCountry "GBR"]
[SourceTitle "BritBase"]
[Source "John Saunders"]
[SourceDate "2025.08.11"]
[SourceVersion "1"]
[SourceVersionDate "2025.08.11"]
[SourceQuality "1"]

1. d4 Nf6 2. Bf4 c5 3. d5 b5 4. f3 g6 5. e4 Bg7 6. a4 b4 7. Be3 O-O 8. Nd2 Na6 9. Nc4 e6 10. d6 Bb7 11. Bd3 Nd5 12. Bd2 f5 13. Nh3 Qh4+ 14. Nf2 fxe4 15. Bxe4 Rac8 16. O-O Nb8 17. Qc1 Qf6 18. Rb1 Ba6 19. Bd3 Nf4 20. Ng4 Qd4+ 21. Be3 Nxd3 22. cxd3 Qxd3 23. b3 Bxc4 24. Rd1 Qc3 25. bxc4 Qxc1 26. Rdxc1 Rc6 27. Rd1 Rfc8 28. Nf2 a5 29. Ne4 Na6 30. Rb3 h6 31. h4 Rf8 32. Kf2 1/2-1/2

[Event "GBR-ch111 Over 65"]
[Site "Liverpool"]
[Date "2025.08.07"]
[Round "4.2"]
[White "Chapman, Terry P D"]
[Black "Smith, Andrew P"]
[Result "1-0"]
[WhiteElo "2263"]
[BlackElo "2104"]
[PlyCount "69"]
[EventDate "2025.08.04"]
[EventType "swiss"]
[EventRounds "7"]
[EventCountry "GBR"]
[SourceTitle "BritBase"]
[Source "John Saunders"]
[SourceDate "2025.08.11"]
[SourceVersion "1"]
[SourceVersionDate "2025.08.11"]
[SourceQuality "1"]

1. Nf3 Nf6 2. c4 g6 3. Nc3 Bg7 4. e4 d6 5. d4 O-O 6. h3 e5 7. d5 c6 8. g4 cxd5 9. cxd5 a6 10. Be3 b5 11. a3 Nbd7 12. Nd2 Nb6 13. Be2 Nfd7 14. b4 f5 15. gxf5 gxf5 16. exf5 e4 17. Ndxe4 Nf6 18. Rg1 Bxf5 19. Bh6 Ra7 20. Bxg7 Rxg7 21. Rxg7+ Kxg7 22. Qd4 Re8 23. Ng3 Bg6 24. Kf1 Nbd7 25. a4 bxa4 26. Rxa4 Ne5 27. Kg2 Kg8 28. Rxa6 h5 29. f4 Nf7 30. Bd3 Nh8 31. f5 Bh7 32. Nce4 Nxe4 33. Nxe4 Re5 34. Rxd6 Qe7 35. Nf6+ 1-0

[Event "GBR-ch111 Over 65"]
[Site "Liverpool"]
[Date "2025.08.07"]
[Round "4.3"]
[White "Pritchett, Craig W"]
[Black "Hughes, Roy"]
[Result "1-0"]
[WhiteElo "2181"]
[BlackElo "2019"]
[PlyCount "69"]
[EventDate "2025.08.04"]
[EventType "swiss"]
[EventRounds "7"]
[EventCountry "GBR"]
[SourceTitle "BritBase"]
[Source "John Saunders"]
[SourceDate "2025.08.11"]
[SourceVersion "1"]
[SourceVersionDate "2025.08.11"]
[SourceQuality "1"]

1. Nf3 d5 2. b3 Bf5 3. Bb2 e6 4. c4 Nf6 5. g3 Be7 6. Bg2 O-O 7. O-O h6 8. d3 c6 9. Nbd2 Qb6 10. Qc2 Nbd7 11. Rac1 Rfd8 12. cxd5 exd5 13. Nd4 Bh7 14. Bh3 a5 15. Nf5 Bf8 16. e4 dxe4 17. dxe4 a4 18. e5 axb3 19. axb3 Nd5 20. Nc4 Qb4 21. e6 fxe6 22. Nxh6+ Kh8 23. Nf7+ Kg8 24. Nh6+ Kh8 25. Nf7+ Kg8 26. Qe2 Re8 27. Nh6+ Kh8 28. Nf7+ Kg8 29. Bxe6 Nc5 30. Nh6+ Kh8 31. Nf7+ Kg8 32. Nh6+ Kh8 33. Ne5 Be4 34. Nhf7+ Kg8 35. Qh5 1-0

[Event "GBR-ch111 Over 65"]
[Site "Liverpool"]
[Date "2025.08.07"]
[Round "4.4"]
[White "Surtees, Mike J"]
[Black "Townsend, M Paul"]
[Result "0-1"]
[WhiteElo "2055"]
[BlackElo "2167"]
[PlyCount "120"]
[EventDate "2025.08.04"]
[EventType "swiss"]
[EventRounds "7"]
[EventCountry "GBR"]
[SourceTitle "BritBase"]
[Source "John Saunders"]
[SourceDate "2025.08.11"]
[SourceVersion "1"]
[SourceVersionDate "2025.08.11"]
[SourceQuality "1"]

1. e4 e6 2. a3 d5 3. e5 c5 4. b4 Nc6 5. f4 cxb4 6. axb4 Bxb4 7. c3 Be7 8. d4 Nh6 9. Bd3 Bd7 10. Na3 a6 11. Nf3 Rc8 12. Qe2 Na5 13. Bb2 b5 14. O-O Nc4 15. Nxc4 dxc4 16. Be4 Qb6 17. Ba3 Bxa3 18. Rxa3 Bc6 19. Nd2 O-O 20. Rfa1 Ra8 21. Bxc6 Qxc6 22. Ra5 Nf5 23. Qf3 Qxf3 24. Nxf3 Ne3 25. g3 Nd5 26. R1a3 Rfc8 27. Nd2 b4 28. cxb4 c3 29. Nb3 Nxb4 30. Nc5 Nc6 31. R5a4 Nxd4 32. Rxd4 Rxc5 33. Rxa6 Rb8 34. Rb6 Rbc8 35. Rd1 c2 36. Rc1 Rd5 37. Rd6 Rb5 38. Kg2 Rb1 39. Rdd1 Rxc1 40. Rxc1 g5 41. fxg5 Kg7 42. g4 Rc3 43. h4 Kf8 44. Kf2 Ke7 45. Ke1 Rc4 46. Kf2 Kd7 47. Ke3 Kc6 48. Kd2 Kd5 49. h5 Kxe5 50. Re1+ Kf4 51. Kc1 Kxg5 52. Rf1 Rf4 53. Rh1 Rf2 54. Rg1 e5 55. Kb2 e4 56. Kc3 Kf4 57. g5 e3 58. Kb2 e2 59. Re1 Ke3 60. Rh1 c1=Q+ 0-1

[Event "GBR-ch111 Over 65"]
[Site "Liverpool"]
[Date "2025.08.07"]
[Round "4.5"]
[White "Granat, Russell G"]
[Black "Bray, Dave J"]
[Result "0-1"]
[WhiteElo "2164"]
[BlackElo "1950"]
[PlyCount "110"]
[EventDate "2025.08.04"]
[EventType "swiss"]
[EventRounds "7"]
[EventCountry "GBR"]
[SourceTitle "BritBase"]
[Source "John Saunders"]
[SourceDate "2025.08.11"]
[SourceVersion "1"]
[SourceVersionDate "2025.08.11"]
[SourceQuality "1"]

1. e4 c5 2. Nc3 Nc6 3. g3 g6 4. Bg2 Bg7 5. d3 d6 6. Be3 e6 7. Qd2 Nd4 8. f4 Ne7 9. Nf3 Rb8 10. O-O b5 11. Bxd4 cxd4 12. Ne2 Qb6 13. h3 O-O 14. Kh2 Bd7 15. a3 a5 16. b4 axb4 17. Qxb4 Ra8 18. Rfb1 Qc7 19. e5 Ra4 20. Qxd6 Qxd6 21. exd6 Nf5 22. Ne5 Bxe5 23. fxe5 f6 24. exf6 Rxf6 25. Rf1 Kg7 26. c3 e5 27. cxd4 exd4 28. g4 Nxd6 29. Rfe1 Re6 30. Bd5 Re3 31. Bb3 Ra7 32. Bc2 b4 33. a4 Nb5 34. Bb3 Nc3 35. Nxd4 Rxe1 36. Rxe1 Bxa4 37. Bc4 Rb7 38. g5 b3 39. Ne6+ Kh8 40. Nc5 Rb8 41. d4 b2 42. Bd3 Bb5 43. Bc2 Bc4 44. Nd7 Rd8 45. Nf6 Nd5 46. Ng4 Ba2 47. Kg3 Rc8 48. Nh6 Kg7 49. Be4 Rc3+ 50. Kf2 Rxh3 51. Bg2 Rh2 52. Ng4 Rxg2+ 53. Kxg2 b1=Q 54. Rxb1 Bxb1 55. Ne5 Nf4+ 0-1

[Event "GBR-ch111 Over 65"]
[Site "Liverpool"]
[Date "2025.08.07"]
[Round "4.6"]
[White "Brooks, Phil J"]
[Black "Johnson, Simon"]
[Result "1/2-1/2"]
[WhiteElo "2127"]
[BlackElo "1911"]
[PlyCount "68"]
[EventDate "2025.08.04"]
[EventType "swiss"]
[EventRounds "7"]
[EventCountry "GBR"]
[SourceTitle "BritBase"]
[Source "John Saunders"]
[SourceDate "2025.08.11"]
[SourceVersion "1"]
[SourceVersionDate "2025.08.11"]
[SourceQuality "1"]

1. d4 Nf6 2. c4 e6 3. a3 d5 4. cxd5 exd5 5. Nc3 c6 6. Bf4 Bd6 7. Bxd6 Qxd6 8. e3 O-O 9. Bd3 b6 10. Nf3 Ba6 11. O-O Bxd3 12. Qxd3 Nbd7 13. Rfd1 Rfe8 14. Nd2 Ng4 15. Nf1 Rac8 16. f3 Ngf6 17. e4 dxe4 18. fxe4 Qf4 19. Ng3 g6 20. Rf1 Qg4 21. Rf3 Qe6 22. Raf1 Re7 23. Rf4 Kg7 24. Qf3 Rf8 25. Nge2 Nh5 26. Rh4 Kg8 27. g4 Nhf6 28. e5 Ne8 29. Qh3 f6 30. exf6 Rxf6 31. g5 Qe3+ 32. Qxe3 Rxf1+ 33. Kxf1 Rxe3 34. Re4 Rxe4 1/2-1/2

[Event "GBR-ch111 Over 65"]
[Site "Liverpool"]
[Date "2025.08.07"]
[Round "4.7"]
[White "Bonafont, Philip R"]
[Black "Varley, Peter"]
[Result "0-1"]
[WhiteElo "1978"]
[BlackElo "2117"]
[PlyCount "64"]
[EventDate "2025.08.04"]
[EventType "swiss"]
[EventRounds "7"]
[EventCountry "GBR"]
[SourceTitle "BritBase"]
[Source "John Saunders"]
[SourceDate "2025.08.11"]
[SourceVersion "1"]
[SourceVersionDate "2025.08.11"]
[SourceQuality "1"]

1. e4 e5 2. Nf3 Nc6 3. Bb5 Nf6 4. d3 Bc5 5. Bxc6 dxc6 6. Nbd2 Qe7 7. Nc4 Nd7 8. O-O O-O 9. Kh1 a5 10. a4 b6 11. Ng1 Ba6 12. Ne3 g6 13. g4 Rad8 14. Nf3 Nf6 15. Nd2 Qe6 16. Rg1 Kh8 17. Qf3 Bxe3 18. fxe3 Bc8 19. h3 h5 20. g5 Nh7 21. Nc4 f6 22. gxf6 Rxf6 23. Qg3 Rdf8 24. Nxe5 h4 25. Qxh4 Qxe5 26. Bd2 Qxb2 27. Qe1 Qxc2 28. Bc3 Qxd3 29. Bxf6+ Rxf6 30. Qh4 Qxe3 31. Rg3 Qd4 32. Rag1 Bf5 0-1

[Event "GBR-ch111 Over 65"]
[Site "Liverpool"]
[Date "2025.08.07"]
[Round "4.8"]
[White "Fletcher, John T"]
[Black "Pickles, Stephen"]
[Result "1-0"]
[WhiteElo "1981"]
[BlackElo "2280"]
[PlyCount "67"]
[EventDate "2025.08.04"]
[EventType "swiss"]
[EventRounds "7"]
[EventCountry "GBR"]
[SourceTitle "BritBase"]
[Source "John Saunders"]
[SourceDate "2025.08.11"]
[SourceVersion "1"]
[SourceVersionDate "2025.08.11"]
[SourceQuality "1"]

1. d4 Nf6 2. Bg5 c5 3. d5 Qb6 4. Nc3 Qxb2 5. Bd2 Qb6 6. e4 d6 7. a4 g6 8. a5 Qd8 9. Bb5+ Bd7 10. Be2 Bg7 11. g4 O-O 12. h4 Na6 13. h5 Nb4 14. g5 Nxe4 15. Nxe4 Bxa1 16. Bxb4 Be5 17. Bd2 Bf5 18. Ng3 Bxg3 19. fxg3 e5 20. dxe6 fxe6 21. Nh3 Be4 22. Rh2 e5 23. Nf2 Bf5 24. g4 Be6 25. hxg6 hxg6 26. Bc3 d5 27. Bxe5 Qxg5 28. Rh8+ Kf7 29. Rh7+ Ke8 30. Bd6 Qe3 31. Bxf8 Qc3+ 32. Qd2 Qa1+ 33. Nd1 Kxf8 34. Qh6+ 1-0

[Event "GBR-ch111 Over 65"]
[Site "Liverpool"]
[Date "2025.08.07"]
[Round "4.9"]
[White "Giulian, Philip M"]
[Black "Hodge, Steve R"]
[Result "1/2-1/2"]
[WhiteElo "2075"]
[BlackElo "1973"]
[PlyCount "52"]
[EventDate "2025.08.04"]
[EventType "swiss"]
[EventRounds "7"]
[EventCountry "GBR"]
[SourceTitle "BritBase"]
[Source "John Saunders"]
[SourceDate "2025.08.11"]
[SourceVersion "1"]
[SourceVersionDate "2025.08.11"]
[SourceQuality "1"]

1. d4 f5 2. c4 Nf6 3. Nc3 g6 4. Nf3 Bg7 5. e3 d6 6. Be2 O-O 7. O-O c5 8. b3 Na6 9. Bb2 e6 10. Qc2 Qe7 11. Rad1 b6 12. Nb5 Rd8 13. dxc5 bxc5 14. Nd2 Bb7 15. Bf3 Bxf3 16. Nxf3 Nb4 17. Qb1 a6 18. Nc3 Rab8 19. Rd2 e5 20. Rfd1 e4 21. Ne1 Rd7 22. Ba1 Rbd8 23. Nc2 Nd3 24. Ne1 Nb4 25. Nc2 Nd3 26. Ne1 Nb4 1/2-1/2

[Event "GBR-ch111 Over 65"]
[Site "Liverpool"]
[Date "2025.08.07"]
[Round "4.10"]
[White "Spanton, Tim R"]
[Black "Hewson, Brian Wr"]
[Result "0-1"]
[WhiteElo "1982"]
[BlackElo "2062"]
[PlyCount "142"]
[EventDate "2025.08.04"]
[EventType "swiss"]
[EventRounds "7"]
[EventCountry "GBR"]
[SourceTitle "BritBase"]
[Source "John Saunders"]
[SourceDate "2025.08.11"]
[SourceVersion "1"]
[SourceVersionDate "2025.08.11"]
[SourceQuality "1"]

1. e4 c6 2. d4 d5 3. Nc3 dxe4 4. Nxe4 Nf6 5. Nxf6+ exf6 6. Be3 Be6 7. Bd3 Bd6 8. Ne2 Nd7 9. Nf4 Bxf4 10. Bxf4 Qb6 11. O-O Qxd4 12. Qd2 Ne5 13. Be3 Qd6 14. Rad1 Nxd3 15. Qc3 Nf4 16. Rxd6 Ne2+ 17. Kh1 Nxc3 18. bxc3 Bxa2 19. Bc5 Be6 20. Ra1 O-O 21. Rxa7 Rxa7 22. Bxa7 Ra8 23. h3 h6 24. Bb6 Ra6 25. Rd8+ Kh7 26. Bd4 Ra4 27. Bb6 Rc4 28. Ba5 Bd5 29. Rd7 b6 30. Bb4 Re4 31. Rd6 Re2 32. c4 Bxc4 33. Rxc6 b5 34. Bc5 Rxc2 35. Rb6 Kg6 36. Bf8 Rxf2 37. Kg1 Rb2 38. g3 h5 39. h4 Bd5 40. Kf1 Rb3 41. Kf2 Rf3+ 42. Ke1 Rxg3 43. Rxb5 Bc4 44. Rb2 Rh3 45. Rg2+ Kf5 46. Bxg7 Rh1+ 47. Kd2 Rxh4 48. Ke3 Re4+ 49. Kd2 h4 50. Rf2+ Rf4 51. Ke3 Rxf2 52. Kxf2 Kg5 53. Kg2 Bd5+ 54. Kh3 Be6+ 55. Kg2 f5 56. Be5 f4 57. Bc7 Kg4 58. Bb6 Bd5+ 59. Kh2 h3 60. Bc5 Bg2 61. Kg1 Kf3 62. Bf2 Ke2 63. Bg3 Kf3 64. Bf2 Kg4 65. Kh2 Bd5 66. Bg1 Be6 67. Bc5 Kf3 68. Kg1 Ke2 69. Bd6 f3 70. Bg3 f2+ 71. Bxf2 h2+ 0-1

[Event "GBR-ch111 Over 65"]
[Site "Liverpool"]
[Date "2025.08.07"]
[Round "4.11"]
[White "Hardman, Michael J"]
[Black "De Coverly, Roger D"]
[Result "1-0"]
[WhiteElo "2057"]
[BlackElo "1969"]
[PlyCount "127"]
[EventDate "2025.08.04"]
[EventType "swiss"]
[EventRounds "7"]
[EventCountry "GBR"]
[SourceTitle "BritBase"]
[Source "John Saunders"]
[SourceDate "2025.08.11"]
[SourceVersion "1"]
[SourceVersionDate "2025.08.11"]
[SourceQuality "1"]

1. d4 Nf6 2. Nf3 g6 3. c4 Bg7 4. Nc3 O-O 5. g3 d6 6. Bg2 c5 7. O-O Nc6 8. e3 a6 9. b3 Rb8 10. Bb2 b5 11. dxc5 bxc4 12. cxd6 Qxd6 13. Qxd6 exd6 14. Nd2 Ne5 15. Ba3 Ne8 16. Nd5 c3 17. Ne4 Be6 18. Nexc3 Bxd5 19. Nxd5 Nd3 20. Rad1 Nc5 21. Rc1 Rb5 22. Rc2 a5 23. Bxc5 dxc5 24. Rfc1 a4 25. Rxc5 Rxc5 26. Rxc5 axb3 27. axb3 Nf6 28. Nxf6+ Bxf6 29. Bd5 Rd8 30. Bc4 Rd7 31. Kg2 Be7 32. Rb5 Rc7 33. Bd5 Rc5 34. Rxc5 Bxc5 35. Kf3 Kf8 36. Ke4 Ke7 37. Kd3 f6 38. Kc4 Kd6 39. b4 Ba7 40. Bf3 h6 41. h4 g5 42. hxg5 hxg5 43. Be4 Ke5 44. Kd3 f5 45. f4+ gxf4 46. gxf4+ Kf6 47. Bc6 Bb6 48. e4 fxe4+ 49. Kxe4 Bc7 50. Ba4 Bd6 51. b5 Bc5 52. Bc2 Ke6 53. f5+ Kd6 54. Bb3 Ba3 55. f6 Kc5 56. Bc4 Bb2 57. f7 Bg7 58. Bd3 Kd6 59. Kf5 Ke7 60. Bc4 Bd4 61. Ke4 Bg7 62. b6 Kd7 63. b7 Kc7 64. Bd5 1-0

[Event "GBR-ch111 Over 65"]
[Site "Liverpool"]
[Date "2025.08.07"]
[Round "4.12"]
[White "Page, Mark Edward"]
[Black "Myall, Ivan J"]
[Result "1-0"]
[WhiteElo "2025"]
[BlackElo "1938"]
[PlyCount "151"]
[EventDate "2025.08.04"]
[EventType "swiss"]
[EventRounds "7"]
[EventCountry "GBR"]
[SourceTitle "BritBase"]
[Source "John Saunders"]
[SourceDate "2025.08.11"]
[SourceVersion "1"]
[SourceVersionDate "2025.08.11"]
[SourceQuality "1"]

1. e4 g6 2. d4 Bg7 3. Nc3 c5 4. d5 d6 5. Bb5+ Nd7 6. Nf3 a6 7. Bxd7+ Bxd7 8. O-O b5 9. Re1 b4 10. Ne2 Nf6 11. Ng3 Ng4 12. h3 Ne5 13. Nxe5 Bxe5 14. Qd2 Qb6 15. Kh2 h5 16. f4 h4 17. Nf1 Bg7 18. a3 b3 19. c4 Rh5 20. Qe2 O-O-O 21. Be3 Rdh8 22. a4 f5 23. Nd2 fxe4 24. Ra3 Qc7 25. Rxb3 g5 26. fxg5 Be5+ 27. Kh1 Bf5 28. Rf1 Qd7 29. Bf4 Bxf4 30. Rxf4 Rxg5 31. Nxe4 Rg7 32. Rbf3 Bxe4 33. Rxe4 Kd8 34. b3 Qc7 35. Ref4 Rgg8 36. Qf2 Qd7 37. Rxh4 Qe8 38. Rxh8 Rxh8 39. Qe1 Qg6 40. Qa5+ Kd7 41. Qxa6 Qg7 42. Qb7+ Kd8 43. Re3 Rg8 44. Re2 Qg5 45. Qa8+ Kd7 46. Qa7+ Ke8 47. Qa5 Rg7 48. Qd2 Qg3 49. Qe3 Qh4 50. Kh2 Qf6 51. Rf2 Qh4 52. a5 Kd7 53. a6 Kc7 54. g3 Qd4 55. Qxd4 cxd4 56. a7 Kb7 57. Ra2 Ka8 58. b4 e5 59. dxe6 Re7 60. Kg2 Rxe6 61. b5 Re3 62. Rd2 Kxa7 63. Rxd4 Re6 64. Kf3 Kb6 65. Rd5 Kc7 66. g4 Rh6 67. Kg3 Re6 68. Rf5 Re4 69. Rf4 Re3+ 70. Kh4 Kd7 71. g5 Ke7 72. g6 Re6 73. Kh5 Re3 74. h4 Re5+ 75. Kh6 Re6 76. Kh7 1-0

[Event "GBR-ch111 Over 65"]
[Site "Liverpool"]
[Date "2025.08.07"]
[Round "4.13"]
[White "Dawson, Jeff R"]
[Black "Newton, Robert A"]
[Result "1-0"]
[WhiteElo "2024"]
[BlackElo "1851"]
[PlyCount "103"]
[EventDate "2025.08.04"]
[EventType "swiss"]
[EventRounds "7"]
[EventCountry "GBR"]
[SourceTitle "BritBase"]
[Source "John Saunders"]
[SourceDate "2025.08.11"]
[SourceVersion "1"]
[SourceVersionDate "2025.08.11"]
[SourceQuality "1"]

1. e4 g6 2. d4 Bg7 3. Nc3 a6 4. Be2 d6 5. Be3 Nd7 6. a4 b6 7. Bf3 Rb8 8. Nge2 e6 9. O-O h6 10. Re1 Ne7 11. Qd2 Bb7 12. Rad1 Kf8 13. Nf4 Kg8 14. d5 e5 15. Nfe2 Kh7 16. g4 Rf8 17. Ng3 Ng8 18. Be2 Qe7 19. Kg2 Rbe8 20. h4 Bc8 21. Rh1 Ndf6 22. f3 h5 23. Bg5 Qd7 24. gxh5 Nxh5 25. Nxh5 gxh5 26. Rdg1 f6 27. Be3 Bh6 28. Kf2 Bxe3+ 29. Qxe3 Nh6 30. Ke1 Rg8 31. Kd2 Qf7 32. Rxg8 Rxg8 33. Rg1 Rg7 34. Bf1 Qg8 35. Ne2 a5 36. Rxg7+ Qxg7 37. Qg1 Qf7 38. Nc3 Qe7 39. Qf2 f5 40. Bh3 Bd7 41. b3 f4 42. Qg2 Be8 43. Qf2 Bd7 44. Bxd7 Qxd7 45. Qg2 Nf7 46. Nb5 Qe7 47. Qh3 Kg7 48. Kc1 Nh8 49. Qc8 Qxh4 50. Qxc7+ Nf7 51. Nxd6 Qe1+ 52. Kb2 1-0

[Event "GBR-ch111 Over 65"]
[Site "Liverpool"]
[Date "2025.08.07"]
[Round "4.14"]
[White "Hutchinson, Paul A"]
[Black "Goodwin, Ed H"]
[Result "1-0"]
[WhiteElo "2019"]
[BlackElo "1827"]
[PlyCount "83"]
[EventDate "2025.08.04"]
[EventType "swiss"]
[EventRounds "7"]
[EventCountry "GBR"]
[SourceTitle "BritBase"]
[Source "John Saunders"]
[SourceDate "2025.08.11"]
[SourceVersion "1"]
[SourceVersionDate "2025.08.11"]
[SourceQuality "1"]

1. d4 e6 2. Bf4 f5 3. e3 Nf6 4. Nf3 Be7 5. c4 d6 6. h3 O-O 7. Nc3 b6 8. Bd3 Bb7 9. Rg1 Ne4 10. Qc2 d5 11. a3 c6 12. h4 Bxh4 13. g3 Be7 14. Ne2 Nd7 15. g4 Rc8 16. b4 a5 17. c5 axb4 18. axb4 Ra8 19. Rb1 Ra3 20. gxf5 exf5 21. Ne5 Nxe5 22. Bxe5 Bf6 23. Nf4 Qa8 24. Bxe4 fxe4 25. b5 Qa5+ 26. Kf1 Bxe5 27. dxe5 Rxf4 28. exf4 Bc8 29. Rg3 cxb5 30. cxb6 Ba6 31. Rxa3 Qxa3 32. Qb3 Qc5 33. Kg1 Bb7 34. Qxb5 Qc8 35. Qb3 Kh8 36. Kh2 Qg4 37. Qg3 Qh5+ 38. Kg1 h6 39. Rc1 e3 40. Rc7 Qd1+ 41. Kg2 g5 42. Qh3 1-0

[Event "GBR-ch111 Over 65"]
[Site "Liverpool"]
[Date "2025.08.07"]
[Round "4.15"]
[White "Kennaugh, Charles W"]
[Black "Prince, Alan R"]
[Result "1-0"]
[WhiteElo "2203"]
[BlackElo "1791"]
[PlyCount "49"]
[EventDate "2025.08.04"]
[EventType "swiss"]
[EventRounds "7"]
[EventCountry "GBR"]
[SourceTitle "BritBase"]
[Source "John Saunders"]
[SourceDate "2025.08.11"]
[SourceVersion "1"]
[SourceVersionDate "2025.08.11"]
[SourceQuality "1"]

1. e4 c5 2. Nf3 Nc6 3. d4 cxd4 4. Nxd4 e5 5. Ne2 Nf6 6. Nbc3 Bc5 7. Ng3 Qb6 8. Qd2 Ng4 9. Nd5 Bxf2+ 10. Kd1 Qd8 11. Nf5 Bc5 12. Be2 Nf2+ 13. Ke1 O-O 14. Rf1 Nxe4 15. Qd3 Ng5 16. Qg3 f6 17. Nxg7 Kxg7 18. h4 h6 19. Bd3 Nb4 20. hxg5 Nxd3+ 21. cxd3 hxg5 22. Bxg5 fxg5 23. Qxe5+ Kg6 24. Kd2 d6 25. Ne7+ 1-0

[Event "GBR-ch111 Over 65"]
[Site "Liverpool"]
[Date "2025.08.07"]
[Round "4.16"]
[White "Punnett, Alan K"]
[Black "Orton, Stephen LA"]
[Result "1/2-1/2"]
[WhiteElo "1919"]
[BlackElo "2137"]
[PlyCount "38"]
[EventDate "2025.08.04"]
[EventType "swiss"]
[EventRounds "7"]
[EventCountry "GBR"]
[SourceTitle "BritBase"]
[Source "John Saunders"]
[SourceDate "2025.08.11"]
[SourceVersion "1"]
[SourceVersionDate "2025.08.11"]
[SourceQuality "1"]

1. e4 c5 2. Nf3 Nc6 3. Bb5 Nf6 4. Nc3 Qc7 5. O-O g6 6. Re1 Bg7 7. h3 O-O 8. e5 Ne8 9. Nd5 Qd8 10. c3 a6 11. Bf1 e6 12. Nf4 d6 13. exd6 Qxd6 14. d3 Nc7 15. Ne2 e5 16. Ng3 f5 17. Qc2 Ne6 18. Bd2 h6 19. Rad1 Kh7 1/2-1/2

[Event "GBR-ch111 Over 65"]
[Site "Liverpool"]
[Date "2025.08.07"]
[Round "4.17"]
[White "Hutchinson, Norman A"]
[Black "James, Geoffrey H"]
[Result "1/2-1/2"]
[WhiteElo "1914"]
[BlackElo "2088"]
[PlyCount "51"]
[EventDate "2025.08.04"]
[EventType "swiss"]
[EventRounds "7"]
[EventCountry "GBR"]
[SourceTitle "BritBase"]
[Source "John Saunders"]
[SourceDate "2025.08.11"]
[SourceVersion "1"]
[SourceVersionDate "2025.08.11"]
[SourceQuality "1"]

1. e4 e5 2. Nf3 Nc6 3. Bb5 Bc5 4. O-O Nd4 5. Nxd4 Bxd4 6. c3 Bb6 7. d4 c6 8. Ba4 d6 9. dxe5 dxe5 10. Qxd8+ Kxd8 11. Nd2 Ke7 12. Nc4 Bc7 13. Bb3 Be6 14. Be3 b6 15. a4 Nf6 16. f3 Nd7 17. Nd2 a5 18. Bxe6 Kxe6 19. Rfd1 b5 20. axb5 cxb5 21. Nb3 a4 22. Nc5+ Nxc5 23. Bxc5 Rhd8 24. Kf2 Rxd1 25. Rxd1 Rd8 26. Rxd8 1/2-1/2

[Event "GBR-ch111 Over 65"]
[Site "Liverpool"]
[Date "2025.08.07"]
[Round "4.18"]
[White "Marks, Ian A"]
[Black "Dilleigh, Stephen P"]
[Result "1/2-1/2"]
[WhiteElo "1904"]
[BlackElo "2048"]
[PlyCount "54"]
[EventDate "2025.08.04"]
[EventType "swiss"]
[EventRounds "7"]
[EventCountry "GBR"]
[SourceTitle "BritBase"]
[Source "John Saunders"]
[SourceDate "2025.08.11"]
[SourceVersion "1"]
[SourceVersionDate "2025.08.11"]
[SourceQuality "1"]

1. Nf3 d5 2. g3 Nd7 3. Bg2 e5 4. d3 Ngf6 5. O-O Be7 6. e4 dxe4 7. dxe4 O-O 8. Qe2 c6 9. b3 Qc7 10. Bb2 Re8 11. Nbd2 Bf8 12. Nc4 b5 13. Ne3 a5 14. Nd2 Ba6 15. Rfd1 Bc5 16. Ng4 Nxg4 17. Qxg4 Nf6 18. Qf3 Bc8 19. h3 a4 20. Nf1 a3 21. Bc1 Be6 22. Be3 Qa7 23. Bxc5 Qxc5 24. Rd2 Rad8 25. Rad1 Rxd2 26. Rxd2 b4 27. Qe3 Qxe3 1/2-1/2

[Event "GBR-ch111 Over 65"]
[Site "Liverpool"]
[Date "2025.08.07"]
[Round "4.19"]
[White "Jackson, Sheila"]
[Black "Lawson, Maurice E"]
[Result "1/2-1/2"]
[WhiteElo "2046"]
[BlackElo "1938"]
[PlyCount "97"]
[EventDate "2025.08.04"]
[EventType "swiss"]
[EventRounds "7"]
[EventCountry "GBR"]
[SourceTitle "BritBase"]
[Source "John Saunders"]
[SourceDate "2025.08.11"]
[SourceVersion "1"]
[SourceVersionDate "2025.08.11"]
[SourceQuality "1"]

1. e4 c6 2. d4 d5 3. e5 Bf5 4. h4 h5 5. Bd3 Bxd3 6. Qxd3 e6 7. Nf3 Qa5+ 8. Nbd2 Qa6 9. c4 Nd7 10. O-O Nh6 11. b3 Nf5 12. Rd1 Be7 13. g3 O-O 14. Nf1 dxc4 15. bxc4 Nb6 16. c5 Qxd3 17. Rxd3 Nd5 18. a4 b6 19. Ba3 bxc5 20. dxc5 Rab8 21. Rc1 Rb7 22. N1d2 Rfb8 23. Rc4 Kf8 24. Kf1 a5 25. Ke2 Ke8 26. Ng5 Bxg5 27. hxg5 Nb4 28. Rb3 Nd5 29. Rxb7 Rxb7 30. Ne4 Rb3 31. Bc1 Rb4 32. Rxb4 Nxb4 33. Nd6+ Nxd6 34. exd6 Na6 35. Be3 Kd7 36. Kd3 Kc8 37. Kc4 Nb8 38. Bd2 Nd7 39. f4 g6 40. Bxa5 Kb7 41. Bc3 Nb8 42. Bf6 Nd7 43. Kd4 Ka6 44. Bd8 Kb7 45. Bb6 Ka6 46. Ke4 Kb7 47. Kd4 Ka6 48. Bd8 Kb7 49. Bb6 1/2-1/2